000 00499nam a2200157 4500
001 118095
003 ES-MaACL
005 20230906191029.0
007 t|
008 070214s1931 fr r ||||1| fre d
100 1 _aPerreux, Gabriel.
_991345
245 1 0 _aAu temps des societès secrétes
_b: la propagande republicaine au debut de la monarchie de tuillet (1830-1835) /
_cGabriel Perreux.
260 _aParis :
_bCoulommiers,
_c1931.
300 _a398 p. ;
_c20 cm.
852 _aES-MaACL
_jB-12258
999 _c118095
_d118095